Непоседа: фантастический роман

Manylion Llyfryddiaeth
Prif Awdur: Лукьяненко С. В. Сергей Васильевич
Crynodeb:Трикс Солье совершил немало славных подвигов, и его уже никто не назовет недотепой. Похоже, все его мечты исполнились — и можно спокойно учиться волшебству (пусть даже в обучение входит мытье полов и чистка картошки). Но если приходится под Новый год внезапно отправляться в жаркую и экзотическую страну Самаршан — тут уж не до учебы! Тут надо вспомнить все, что умеешь, и даже немного больше. Ведь Самаршан — ну просто очень экзотическая страна! Там правит султан (некоторые считают, что визирь), собирает армию Прозрачный Бог (некоторые боятся, что он и впрямь бог, хотя бы из мелких), а местные обычаи отличаются красочностью и непосредственностью. Тут только и остается, что полагаться на старых друзей — бродячих артистов, старых врагов — витамантов, и сводных родственников, находящихся в пожизненной ссылке. Потому что опасных встреч предстоит много — с джинном, связанным моральными ограничениями, сфинксом — никакими ограничениями не связанным, и пустынными гномами (вы считали, что таких не бывает? вы ошиблись!). А все потому, что не следует верить каждому встречному дракону. Конечно, драконы не умеют врать, но разве им это когда-то мешало?
Iaith:Rwseg
Cyhoeddwyd: Москва, АСТ, 2011
Pynciau:
Fformat: Llyfr
KOHA link:https://koha.lib.tpu.ru/cgi-bin/koha/opac-detail.pl?biblionumber=203149

MARC

LEADER 00000nam0a2200000 4500
001 203149
005 20231031185513.0
010 |a 9785170713318 
010 |a 978-5-271-32541-0 
010 |a 978-5-17-071029-4 
010 |a 978-5-271-32540-3 
021 |a RU  |b 05-88414  |9 05-4371 
035 |a (RuTPU)RU\TPU\book\221369 
035 |a RU\TPU\book\101211 
090 |a 203149 
100 |a 20111031d2011 m y0rusy5002 ca 
101 0 |a rus 
102 |a RU 
105 |a y z 000ay 
200 1 |a Непоседа  |e фантастический роман  |f С. В. Лукьяненко 
210 |a Москва  |c АСТ  |c Астрель  |d 2011 
215 |a 478 с. 
330 |a Трикс Солье совершил немало славных подвигов, и его уже никто не назовет недотепой. Похоже, все его мечты исполнились — и можно спокойно учиться волшебству (пусть даже в обучение входит мытье полов и чистка картошки). Но если приходится под Новый год внезапно отправляться в жаркую и экзотическую страну Самаршан — тут уж не до учебы! Тут надо вспомнить все, что умеешь, и даже немного больше. Ведь Самаршан — ну просто очень экзотическая страна! Там правит султан (некоторые считают, что визирь), собирает армию Прозрачный Бог (некоторые боятся, что он и впрямь бог, хотя бы из мелких), а местные обычаи отличаются красочностью и непосредственностью. Тут только и остается, что полагаться на старых друзей — бродячих артистов, старых врагов — витамантов, и сводных родственников, находящихся в пожизненной ссылке. Потому что опасных встреч предстоит много — с джинном, связанным моральными ограничениями, сфинксом — никакими ограничениями не связанным, и пустынными гномами (вы считали, что таких не бывает? вы ошиблись!). А все потому, что не следует верить каждому встречному дракону. Конечно, драконы не умеют врать, но разве им это когда-то мешало? 
610 1 |a русская литература 
610 1 |a романы 
610 1 |a фантастика 
675 |a Р2  |v 3  |z rus 
700 1 |a Лукьяненко  |b С. В.  |c русский писатель-фантаст  |f 1968-  |g Сергей Васильевич  |2 stltpush  |3 (RuTPU)RU\TPU\pers\40218 
801 0 |a RU  |b 63413507  |c 20060210  |g PSBO 
801 1 |a RU  |b 63413507  |c 20060411  |g PSBO 
801 2 |a RU  |b 63413507  |c 20180302  |g PSBO 
942 |c BK